| 000 | 00666nam a22002177a 4500 | ||
|---|---|---|---|
| 999 |
_c13937 _d13937 |
||
| 003 | AR-CdUCM | ||
| 008 | 190416b ||||| |||| 00| 0 spa d | ||
| 020 | _a958-04-3918-4 | ||
| 040 |
_aMUNICIPALIDAD PROVINCIAL DEL CUSCO _cBIBLIOTECA MUNICIPAL DEL CUSCO |
||
| 082 |
_aEP / 808.06 / _bW78 |
||
| 100 |
_aWolf, Conor. _932563 |
||
| 245 | _aEl entrenamiento de Hércules / | ||
| 260 |
_aColombia : _bGrupo editorial Norma, _c1997. |
||
| 300 | _c20 cm. | ||
| 440 |
_aLibrito sonoro. _932564 |
||
| 505 | _aContenido :El entrenamiento de Hércules ... | ||
| 650 |
_aCuentos _9217 |
||
| 650 |
_aHistorietas _910786 |
||
| 942 |
_2ddc _cLIBROS |
||
| 945 |
_arum _d2019-04-16 |
||